Understanding Energy Innovation : Learning from Smart Grid Experiments.

Bibliographic Details
Main Author: Lovell, Heather.
Format: eBook
Language:English
Published: Singapore : Springer Singapore Pte. Limited, 2021.
Edition:1st ed.
Subjects:
Online Access:Click to View
LEADER 04201nam a22003973i 4500
001 EBC6805380
003 MiAaPQ
005 20231204023220.0
006 m o d |
007 cr cnu||||||||
008 231204s2021 xx o ||||0 eng d
020 |a 9789811662539  |q (electronic bk.) 
020 |z 9789811662522 
035 |a (MiAaPQ)EBC6805380 
035 |a (Au-PeEL)EBL6805380 
035 |a (OCoLC)1321795064 
040 |a MiAaPQ  |b eng  |e rda  |e pn  |c MiAaPQ  |d MiAaPQ 
050 4 |a GF 
082 0 |a 621.31 
100 1 |a Lovell, Heather. 
245 1 0 |a Understanding Energy Innovation :  |b Learning from Smart Grid Experiments. 
250 |a 1st ed. 
264 1 |a Singapore :  |b Springer Singapore Pte. Limited,  |c 2021. 
264 4 |c ©2022. 
300 |a 1 online resource (108 pages) 
336 |a text  |b txt  |2 rdacontent 
337 |a computer  |b c  |2 rdamedia 
338 |a online resource  |b cr  |2 rdacarrier 
505 0 |a Intro -- Acknowledgements -- Contents -- List of Figures -- Chapter 1: Introduction -- Who the Book Is for and How to Read It -- Aims and Themes -- Theories of Energy Innovation -- People-Technology Interaction -- People-focused -- Defining Smart Grids -- A Brief History of Smart Grid Innovation -- Why Use Smart Grids as a Way to Understand Energy Innovation? -- References -- Chapter 2: Networks -- What Is a Network, and What Types of Network Do We Find in Smart Grids? -- Characteristics of Networks and Their Relevance to Smart Grids -- Different Ways of Thinking About Networks -- Case Study 2.1 International Smart Grid Policy Networks -- Case Study 2.2 A Local Community Network: Bruny Island, Australia -- Case Study 2.3 A Fragile Network: The State of Victoria's Digital Metering Program, Australia -- Learning from Smart Grid Networks -- References -- Chapter 3: Nodes -- What Is a Node, and What Types of Node Do We Find in Smart Grids? -- Different Ways of Thinking About Nodes -- Case Study 3.1 The Digital Electricity Meter as a Node: Household Transitions in the UK -- Case Study 3.2 The Australian Energy Market Operator as an Energy Innovation Node -- Case Study 3.3 Islands as Energy Innovation Nodes: King Island, Australia -- Learning from Smart Grid Nodes -- References -- Chapter 4: Narratives -- What Is a Narrative, and What Types of Narrative Do We Find in Smart Grids? -- Characteristics of Narratives and Their Relevance to Smart Grids -- Different Ways of Thinking About Narratives -- Case Study 4.1 The Willing Prosumer Narrative: Householders and Their Willingness to Participate in Smart Grids -- Case Study 4.2 The Narrative of Policy Failure in the State of Victoria's Digital Metering Program -- Case Study 4.3 Narratives that Compete with Smart Grids: the Hydrogen Economy and Off-grid -- The Hydrogen Economy -- Off-grid. 
505 8 |a Learning from Smart Grid Narratives -- References -- Chapter 5: Nostalgia -- What Is Nostalgia, and What Types of Nostalgia Do We Find in Smart Grids? -- Different Ways of Thinking About Nostalgia -- Case Study 5.1 Memories of Internationally Pioneering Smart Grid Experiments and Their Legacy -- Case Study 5.2 Scarce Data and Off-grid Households in Australia -- Case Study 5.3 Nostalgia for Big Infrastructure: Tensions in Planning for the Future of the Grid in Australia -- Learning from Smart Grids and Nostalgia -- References -- Chapter 6: Conclusions -- Key Ideas and Learnings -- Networks -- Nodes -- Narratives -- Nostalgia -- Reflection: Understanding Energy Innovation Through Integrating the Social -- References -- Index. 
588 |a Description based on publisher supplied metadata and other sources. 
590 |a Electronic reproduction. Ann Arbor, Michigan : ProQuest Ebook Central, 2023. Available via World Wide Web. Access may be limited to ProQuest Ebook Central affiliated libraries.  
655 4 |a Electronic books. 
776 0 8 |i Print version:  |a Lovell, Heather  |t Understanding Energy Innovation  |d Singapore : Springer Singapore Pte. Limited,c2021  |z 9789811662522 
797 2 |a ProQuest (Firm) 
856 4 0 |u https://ebookcentral.proquest.com/lib/matrademy/detail.action?docID=6805380  |z Click to View